000 00318nam a2200133Ia 4500
005 20251222155154.0
008 251222s9999||||xx |||||||||||||| ||spa||
082 _aMEQ. 10
100 _aHAMILTON M.B.
245 0 _aProcedimiento en Enfermería
250 _a1ra. ed.
264 _bInteramericana S.A.
942 _cLIB
999 _c39672
_d39672